| 000 | 00389nam a2200145Ia 4500 | ||
|---|---|---|---|
| 008 | 191201s2005 xx 000 0 und d | ||
| 082 |
_a005.73 _bHED |
||
| 100 | _aHEILEMAN, Gregory L | ||
| 245 | 0 | _aData Structures, Algorithms, and Object-oriented Programming | |
| 250 | _a3rd | ||
| 260 |
_aN.Delhi _bStandard Publisher _c2005 |
||
| 300 | _a446 | ||
| 650 | _aB.Tech(CSE) | ||
| 942 |
_2ddc _cBK |
||
| 999 |
_c1275 _d1275 |
||